Gatov : roman v dvukh knigakh /

Bibliographic Details
Main Author: Stepovoĭ, Pavel
Format: Book
Language:Russian
Published: Moskva : "Khudozhestvennai︠a︡ lit.", 1985.
Subjects:

MARC

Tag First Indicator Second Indicator Subfields
LEADER 00000cam a2200000Ii 4500
001 in00001815249
005 20151026052146.0
008 870406s1985 ru c 000 1 rusod
035 |a (OCoLC)ocm15694101 
040 |a NYP  |c NYP  |d WAU  |d OCL  |d TXA  |d UtOrBLW 
049 |a TXAM 
090 |a PG3488.T5  |b G3 1985 
100 1 |a Stepovoĭ, Pavel. 
245 1 0 |a Gatov :  |b roman v dvukh knigakh /  |c Pavel Stepovoĭ. 
264 1 |a Moskva :  |b "Khudozhestvennai︠a︡ lit.",  |c 1985. 
300 |a 678 pages :  |b portrait ;  |c 21 cm. 
336 |a text  |b txt  |2 rdacontent 
337 |a unmediated  |b n  |2 rdamedia 
338 |a volume  |b nc  |2 rdacarrier 
600 1 0 |a Gatov, Petr Semenovich  |v Fiction. 
948 |a cataloged  |b h  |c 2004/3/13  |d c  |e spoltoratski  |f 9:04:37 am 
994 |a E0  |b TXA 
999 |a MARS 
999 f f |s 0502eb02-67d3-36df-b871-7e106bc90c40  |i 3042c94e-599e-3d2c-9ac2-2321ccc42ea2  |t 0 
952 f f |p ric  |a Texas A&M University  |b Rellis Campus  |c Joint Library Facility  |d Remote Storage  |t 0  |e PG3488.T5 G3 1985  |h Library of Congress classification  |i unmediated -- volume  |m A14830871268 
998 f f |a PG3488.T5 G3 1985  |t 0  |l Remote Storage